000 00700nam a2200217Ia 4500
005 20220704152732.0
008 210716s2008 xx 000 0 und d
020 _a9788173197130
040 _cAIMIT LIBRARY
041 _aeng
082 _a511.8
_21
_bDASM
100 _aDas, M K.
_946904
245 _aDiscrete mathematical structures:
_bcomputer scientists and engineers /
_cBy M K Das.
250 _a1st ed.
260 _aNew Delhi :
_bNarosa Publishing House ,
_c2008.
300 _axv,538p. ;
_c24 cm.
650 _aMathematical logic
_946905
650 _aPartial order and structures
_946906
650 _aCombinatorics and algebraic systems
_946907
942 _2ddc
_cBK
_e1st
_k511.8 DASM
999 _c194739
_d194739